000 00763cab a2200229 4500
001 ABS44096
008 090401t1991 xxu||||| |||| 00| 0 eng d
035 _a(Sirsi) u45337
041 _aeng
100 _aAsson, T.
245 _aBank lending on property: a surveyors view
260 _c1991
350 _a0
490 _aEstates Gazette
_v(9106) 16 February 1991, 113-114(2)
520 _aDiscusses the increase in bank lending to property companies over the last five years and why many banks are now examining their exposure to the UK property market and considering their options.
650 _aFOREIGN
650 _aINVESTMENT
650 _aRECESSION
690 _aPROPERTY-PROPERTY FINANCE AND INVESTMENT
942 _n0
948 _c04/03/1997
999 _c28797
_d28797